<?xml version="1.0" encoding="UTF-8"?><marc:collection xmlns:marc="http://www.loc.gov/MARC21/slim">
  <marc:record>
    <marc:leader>00000nam##2200000za#4500</marc:leader>
    <marc:controlfield tag="001">9.570940</marc:controlfield>
    <marc:controlfield tag="003">CaOODSP</marc:controlfield>
    <marc:controlfield tag="005">20210624182501</marc:controlfield>
    <marc:controlfield tag="007">cr |||||||||||</marc:controlfield>
    <marc:controlfield tag="008">150406|2003||||xxc|||||o    f|0| 0 eng|d</marc:controlfield>
    <marc:datafield tag="040" ind1=" " ind2=" ">
      <marc:subfield code="a">CaOODSP</marc:subfield>
      <marc:subfield code="b">eng</marc:subfield>
    </marc:datafield>
    <marc:datafield tag="043" ind1=" " ind2=" ">
      <marc:subfield code="a">n-cn---</marc:subfield>
    </marc:datafield>
    <marc:datafield tag="086" ind1="1" ind2=" ">
      <marc:subfield code="a">YC34-0/372-4E-PDF</marc:subfield>
    </marc:datafield>
    <marc:datafield tag="110" ind1="1" ind2=" ">
      <marc:subfield code="a">Canada. </marc:subfield>
      <marc:subfield code="b">Parliament. </marc:subfield>
      <marc:subfield code="b">Senate. </marc:subfield>
      <marc:subfield code="b">Standing Committee on Official Languages.</marc:subfield>
    </marc:datafield>
    <marc:datafield tag="245" ind1="1" ind2="0">
      <marc:subfield code="a">Official languages - 2002-2003 perspective : </marc:subfield>
      <marc:subfield code="h">[electronic resource]</marc:subfield>
      <marc:subfield code="b">study of the action plan for official languages and the annual reports of the office of the commissioner of official languages, treasury board and the Department of Canadian Heritage / </marc:subfield>
      <marc:subfield code="c">The Honourable Rose-Marie Losier-Cool, chair ; the Honourable Wilbert Joseph Keon, vice-chair. </marc:subfield>
    </marc:datafield>
    <marc:datafield tag="260" ind1=" " ind2=" ">
      <marc:subfield code="a">Ottawa - Ontario : </marc:subfield>
      <marc:subfield code="b">Senate. </marc:subfield>
      <marc:subfield code="c">October 2003.</marc:subfield>
    </marc:datafield>
    <marc:datafield tag="300" ind1=" " ind2=" ">
      <marc:subfield code="a">47p.</marc:subfield>
      <marc:subfield code="b">references, tables</marc:subfield>
    </marc:datafield>
    <marc:datafield tag="490" ind1="1" ind2=" ">
      <marc:subfield code="a">Report of the Standing Senate Committee on Official Languages</marc:subfield>
      <marc:subfield code="v">37th Parliament, 2nd Session, [4th report]</marc:subfield>
    </marc:datafield>
    <marc:datafield tag="590" ind1=" " ind2=" ">
      <marc:subfield code="a">11-12-Supp</marc:subfield>
      <marc:subfield code="b">2011-07-29</marc:subfield>
    </marc:datafield>
    <marc:datafield tag="775" ind1="0" ind2="8">
      <marc:subfield code="t">Langues officielles : point de vue 2002-2003 : </marc:subfield>
      <marc:subfield code="w">(CaOODSP)9.601583</marc:subfield>
    </marc:datafield>
    <marc:datafield tag="830" ind1="#" ind2="0">
      <marc:subfield code="a">Report of the Standing Senate Committee on Official Languages ;</marc:subfield>
      <marc:subfield code="v">37th Parliament, 2nd Session, [4th report]</marc:subfield>
      <marc:subfield code="w">(CaOODSP)9.505258</marc:subfield>
    </marc:datafield>
    <marc:datafield tag="856" ind1="4" ind2="0">
      <marc:subfield code="a">http://publications.gc.ca</marc:subfield>
      <marc:subfield code="q">PDF</marc:subfield>
      <marc:subfield code="s">315 KB</marc:subfield>
      <marc:subfield code="u">https://publications.gc.ca/collections/collection_2011/sen/yc34-0/YC34-0-372-4-eng.pdf</marc:subfield>
      <marc:subfield code="y">37th Parliament, 2nd Session, [4th report]</marc:subfield>
    </marc:datafield>
  </marc:record>
</marc:collection>
